| 000 | 00760nam a2200241 i 4500 | ||
|---|---|---|---|
| 001 | C2-0323437 | ||
| 003 | PPAK | ||
| 005 | 20180728122031.0 | ||
| 008 | 131027s2013 my |||| ||||| | chi d | ||
| 020 | _a9789830689142 | ||
| 040 |
_aPPAK _beng _cPPAK _erda |
||
| 082 | 0 | 4 |
_a899.233 _223 |
| 090 | 0 | 0 |
_a899.233 _bPAW _dK |
| 100 | 0 |
_aPawang Ana Raja Haji Yahaya, _eauthor |
|
| 245 | 1 | 0 | _aYa wang su long mei la mu da chuan qi = Hikayat Awang Sulung Merah Muda |
| 264 | 1 |
_aKuala Lumpur : _bInstitut Terjemahan & Buku Malaysia Berhad , _c2013 |
|
| 300 |
_axvi, 144 pages ; _c23 cm |
||
| 336 |
_2rdacontent _atext |
||
| 337 |
_2rdamedia _aunmediated |
||
| 338 |
_2rdacarrier _avolume |
||
| 650 | 1 | 0 | _aMalay fictions - Translations into ChinesE |
| 942 |
_ddc _cB |
||
| 999 |
_c123520 _d123520 |
||